[Event "Klatovy op-A 29th"]
[Site "Klatovy"]
[Date "2023.07.04"]
[Round "4"]
[White "Horak, Martin"]
[Black "Janous, Marek"]
[Result "1-0"]
[WhiteElo "2266"]
[BlackElo "2185"]
[PlyCount "41"]
[EventDate "2023.07.01"]
[EventType "swiss"]
[EventRounds "9"]
[EventCountry "CZE"]
[SourceTitle "CBM 215 Extra"]
[Source "ChessBase"]
[SourceDate "2023.09.30"]
[SourceVersion "1"]
[SourceVersionDate "2023.09.30"]
[SourceQuality "1"]

1. e4 c5 2. Nf3 Nc6 3. d4 cxd4 4. Nxd4 Nf6 5. Nc3 d6 6. Bg5 e6 7. Qd2 a6 8. 0-0-0 Bd7 9. Kb1 Be7 10. f3 Nxd4 11. Qxd4 Qa5 12. h4 Rc8 13. g4 0-0 14. Qd2 Qc7 15. e5 dxe5 16. Bxf6 Bxf6 17. Qxd7 Qb6 18. Qd6 Rc6 19. Qa3 Qf2 20. Bd3 Rb6 21. g5 1-0

[Event "Klatovy op-A 29th"]
[Site "Klatovy"]
[Date "2023.07.02"]
[Round "2"]
[White "Topencik, Bruno"]
[Black "Janous, Marek"]
[Result "1/2-1/2"]
[WhiteElo "1780"]
[BlackElo "2185"]
[PlyCount "85"]
[EventDate "2023.07.01"]
[EventType "swiss"]
[EventRounds "9"]
[EventCountry "CZE"]
[SourceTitle "CBM 215 Extra"]
[Source "ChessBase"]
[SourceDate "2023.09.30"]
[SourceVersion "1"]
[SourceVersionDate "2023.09.30"]
[SourceQuality "1"]

1. c4 e5 2. Nf3 Nc6 3. d4 exd4 4. Nxd4 Bb4+ 5. Bd2 Bxd2+ 6. Qxd2 d5 7. Nxc6 bxc6 8. g3 Ne7 9. Bg2 0-0 10. Nc3 dxc4 11. 0-0-0 Qxd2+ 12. Rxd2 Be6 13. Rhd1 Rab8 14. Na4 Rb5 15. Rd8 f5 16. Rxf8+ Kxf8 17. Nc3 Ra5 18. Kc2 Nd5 19. a3 Kf7 20. h4 h6 21. e3 Ke7 22. Bf3 Rc5 23. Bg2 Nf6 24. Na4 Ra5 25. Nc3 Ng4 26. Rd2 Ne5 27. Ne2 Bd5 28. Nf4 Bxg2 29. Nxg2 Rd5 30. Nf4 Rxd2+ 31. Kxd2 g5 32. hxg5 hxg5 33. Ne2 Nd3 34. f4 gxf4 35. exf4 Nxb2 36. Kc3 Nd1+ 37. Kxc4 Ne3+ 38. Kc5 Nc2 39. Kxc6 Nxa3 40. Nd4 Kf6 41. Kxc7 Nc4 42. Kc6 Nd2 43. Kb5 1/2-1/2

[Event "Klatovy op-A 29th"]
[Site "Klatovy"]
[Date "2023.07.01"]
[Round "1"]
[White "Janous, Marek"]
[Black "Matejovsky, Ondrej"]
[Result "1-0"]
[WhiteElo "2185"]
[BlackElo "1928"]
[PlyCount "61"]
[EventDate "2023.07.01"]
[EventType "swiss"]
[EventRounds "9"]
[EventCountry "CZE"]
[SourceTitle "CBM 215 Extra"]
[Source "ChessBase"]
[SourceDate "2023.09.30"]
[SourceVersion "1"]
[SourceVersionDate "2023.09.30"]
[SourceQuality "1"]

1. e4 e5 2. Nf3 Nf6 3. Nc3 Bb4 4. Nxe5 0-0 5. Be2 Re8 6. Nf3 Nxe4 7. Nxe4 Rxe4 8. 0-0 d5 9. c3 Bd6 10. d4 Bg4 11. Bg5 Be7 12. Be3 Nd7 13. Re1 Bd6 14. Qc2 h6 15. Nd2 Rxe3 16. fxe3 Qh4 17. Nf1 Nf6 18. Bxg4 Qxg4 19. c4 c6 20. Qe2 Qg6 21. cxd5 cxd5 22. Rac1 Re8 23. Nd2 Bxh2+ 24. Kxh2 Ng4+ 25. Kg1 Qh5 26. Nf3 Rxe3 27. Rc8+ Kh7 28. Qc2+ f5 29. Rxe3 Nxe3 30. Qe2 f4 31. Qd3+ 1-0

[Event "CZE-ch U16"]
[Site "Teplice"]
[Date "2023.03.13"]
[Round "4"]
[White "Seidl, Jan1111"]
[Black "Janous, Marek"]
[Result "1/2-1/2"]
[WhiteElo "2025"]
[BlackElo "2124"]
[PlyCount "68"]
[EventDate "2023.03.11"]
[EventType "swiss"]
[EventRounds "9"]
[EventCountry "CZE"]
[SourceTitle "CBM 213 Extra"]
[Source "ChessBase"]
[SourceDate "2023.05.31"]
[SourceVersion "1"]
[SourceVersionDate "2023.05.31"]
[SourceQuality "1"]

1. Nf3 d5 2. g3 g6 3. d4 Bg7 4. Bg2 c6 5. 0-0 Nf6 6. c4 dxc4 7. a4 Ne4 8. Ne5 Nd6 9. Na3 0-0 10. e3 Be6 11. Qc2 Nd7 12. Naxc4 Nxe5 13. Nxe5 Rc8 14. b4 Qb6 15. Bd2 Bf5 16. Qb3 c5 17. Bc3 c4 18. Qb2 f6 19. Nf3 Bd3 20. Rfd1 Ne4 21. Ne1 Nxc3 22. Qxc3 e5 23. Nxd3 cxd3 24. Qxd3 exd4 25. Qxd4 Qxd4 26. exd4 Rfd8 27. d5 Bf8 28. b5 Bd6 29. Rac1 Kf7 30. a5 Rc5 31. b6 axb6 32. axb6 Rdc8 33. Rb1 Ra8 34. Bh3 f5 1/2-1/2

[Event "CZE-chT1W 2223"]
[Site "Czech Republic"]
[Date "2023.02.12"]
[Round "8.3"]
[White "Janous, Marek"]
[Black "Oresky, Jan"]
[Result "1-0"]
[WhiteElo "2186"]
[BlackElo "2254"]
[PlyCount "97"]
[EventDate "2022.10.09"]
[EventType "team-tourn"]
[EventRounds "11"]
[EventCountry "CZE"]
[SourceTitle "CBM 213 Extra"]
[Source "ChessBase"]
[SourceDate "2023.05.31"]
[SourceVersion "1"]
[SourceVersionDate "2023.05.31"]
[SourceQuality "1"]
[WhiteTeam "Ricany Betsys II"]
[BlackTeam "Praha Oaza II"]
[WhiteTeamCountry "CZE"]
[BlackTeamCountry "CZE"]

1. e4 c5 2. Nf3 d6 3. Bb5+ Nd7 4. c3 a6 5. Ba4 b5 6. Bc2 Bb7 7. 0-0 Ngf6 8. Qe2 e6 9. d4 cxd4 10. cxd4 Be7 11. Bd3 0-0 12. a4 bxa4 13. Rxa4 Bc6 14. Ra1 a5 15. Nc3 e5 16. Bb5 Bxb5 17. Qxb5 Re8 18. Bg5 h6 19. Bxf6 Bxf6 20. dxe5 Nxe5 21. Nxe5 Bxe5 22. Qd3 Rb8 23. Ra2 Rb4 24. Re1 Re6 25. g3 Rb3 26. Qc4 Bxc3 27. bxc3 Qb6 28. Rxa5 Rf6 29. Rf5 Rb1 30. Rxb1 Qxb1+ 31. Kg2 Rxf5 32. Qc8+ Kh7 33. Qxf5+ Kg8 34. Qc8+ Kh7 35. Qc6 Qd3 36. Qd5 Qxc3 37. Qxf7 Qc6 38. Qf5+ Kh8 39. Qe6 Qc7 40. h4 Qc5 41. Kf3 Qc3+ 42. Kg4 Qd4 43. f3 Qc5 44. Qf5 Qc6 45. Qf7 Qc5 46. Qf8+ Kh7 47. Qf5+ Kg8 48. Qxc5 dxc5 49. Kf4 1-0

[Event "CZE-chT1W 2223"]
[Site "Czech Republic"]
[Date "2023.01.15"]
[Round "6.4"]
[White "Janous, Marek"]
[Black "Sykora, Marek1111"]
[Result "0-1"]
[WhiteElo "2186"]
[BlackElo "2246"]
[PlyCount "78"]
[EventDate "2022.10.09"]
[EventType "team-tourn"]
[EventRounds "11"]
[EventCountry "CZE"]
[SourceTitle "CBM 213 Extra"]
[Source "ChessBase"]
[SourceDate "2023.05.31"]
[SourceVersion "1"]
[SourceVersionDate "2023.05.31"]
[SourceQuality "1"]
[WhiteTeam "Ricany Betsys II"]
[BlackTeam "Litomerice Slavoj"]
[WhiteTeamCountry "CZE"]
[BlackTeamCountry "CZE"]

1. e4 e5 2. Nf3 Nc6 3. Nc3 Nf6 4. d4 exd4 5. Nxd4 Bb4 6. Nxc6 bxc6 7. Bd3 Bxc3+ 8. bxc3 d6 9. Bg5 Qe7 10. 0-0 h6 11. Bh4 Qe5 12. f4 Qxc3 13. e5 dxe5 14. Bxf6 gxf6 15. fxe5 Qd4+ 16. Kh1 Bg4 17. Qd2 fxe5 18. Rae1 Qd6 19. Qf4 Be6 20. Qf6 Kd7 21. Bf5 Bxf5 22. Qxf7+ Kc8 23. Qxf5+ Qd7 24. Qxe5 Rg8 25. Qa5 a6 26. Re5 Qg4 27. g3 Qc4 28. Rf4 Qxc2 29. Rf7 Ra7 30. Re1 Rd8 31. Qb4 Rb7 32. Qf4 Qd3 33. h4 Kb8 34. Rfe7 Rd4 35. Qe3 Rb2 36. Re8+ Kb7 37. Re2 Qd1+ 38. Kg2 Rxe2+ 39. Qxe2 Rd2 0-1

[Event "CZE-chT2A 2223"]
[Site "Czech Republic"]
[Date "2022.12.04"]
[Round "4.1"]
[White "Placer, Sebastian"]
[Black "Janous, Marek"]
[Result "1/2-1/2"]
[WhiteElo "2047"]
[BlackElo "2186"]
[PlyCount "61"]
[EventDate "2022.10.16"]
[EventType "team-tourn"]
[EventRounds "11"]
[EventCountry "CZE"]
[SourceTitle "EXT 2024"]
[Source "ChessBase"]
[SourceDate "2023.10.10"]
[SourceVersion "1"]
[SourceVersionDate "2023.10.10"]
[SourceQuality "1"]
[WhiteTeam "Budejovice II"]
[BlackTeam "Plzen"]
[WhiteTeamCountry "CZE"]
[BlackTeamCountry "CZE"]

1. d4 Nf6 2. c4 c5 3. d5 b5 4. cxb5 a6 5. bxa6 g6 6. Nc3 Bg7 7. e4 0-0 8. Bc4 Qa5 9. a7 Rxa7 10. Bd2 Ba6 11. Bxa6 Qxa6 12. Qe2 Rb7 13. Rb1 d6 14. b3 Rb4 15. Qxa6 Nxa6 16. f3 Rfb8 17. Nge2 Nd7 18. 0-0 R4b7 19. Rbd1 Nb4 20. Nc1 Ne5 21. N3e2 Ra8 22. Bxb4 Rxb4 23. Rd2 c4 24. Rc2 cxb3 25. axb3 Rab8 26. Rd1 Bf6 27. Rc7 R8b7 28. Rxb7 Rxb7 29. Nd4 Rb4 30. Nc2 Rb7 31. Nd4 1/2-1/2

[Event "Klatovy op 28th"]
[Site "Klatovy"]
[Date "2022.07.05"]
[Round "4"]
[White "Eret, Matous"]
[Black "Janous, Marek"]
[Result "1-0"]
[WhiteElo "2273"]
[BlackElo "2175"]
[PlyCount "59"]
[EventDate "2022.07.02"]
[EventType "swiss"]
[EventRounds "9"]
[EventCountry "CZE"]
[SourceTitle "EXT 2023"]
[Source "ChessBase"]
[SourceDate "2022.10.05"]
[SourceVersion "1"]
[SourceVersionDate "2022.10.05"]
[SourceQuality "1"]

1. e4 c5 2. Nf3 Nc6 3. d3 g6 4. g3 Bg7 5. Bg2 e6 6. 0-0 Nge7 7. Nbd2 0-0 8. Re1 Qc7 9. c3 b6 10. Qe2 Bb7 11. h4 d6 12. h5 Ne5 13. Ng5 Ba6 14. Nc4 N7c6 15. f4 Nxc4 16. dxc4 Rfe8 17. Bd2 Rad8 18. hxg6 hxg6 19. Qg4 Bc8 20. Qh4 f6 21. Qh7+ Kf8 22. f5 exf5 23. exf5 Ne7 24. Ne6+ Bxe6 25. Rxe6 Nxf5 26. Rxf6+ Bxf6 27. Qxc7 Re2 28. Bd5 Be7 29. Bg5 Re8 30. g4 1-0

[Event "CZE-ch U16"]
[Site "Luhacovice"]
[Date "2022.03.13"]
[Round "2"]
[White "Janous, Marek"]
[Black "Bezdek, Tomas"]
[Result "1/2-1/2"]
[WhiteElo "2056"]
[BlackElo "1855"]
[PlyCount "101"]
[EventDate "2022.03.12"]
[EventType "swiss"]
[EventRounds "9"]
[EventCountry "CZE"]
[SourceTitle "EXT 2023"]
[Source "ChessBase"]
[SourceDate "2022.10.05"]
[SourceVersion "1"]
[SourceVersionDate "2022.10.05"]
[SourceQuality "1"]

1. e4 c5 2. Nf3 Nc6 3. Bb5 Nd4 4. Nxd4 cxd4 5. 0-0 a6 6. Bc4 e6 7. a4 d5 8. exd5 exd5 9. Bb3 Bd6 10. Re1+ Ne7 11. d3 0-0 12. Bg5 f6 13. Bh4 Bb4 14. c3 Ba5 15. Qf3 Kh8 16. Bg3 dxc3 17. bxc3 d4 18. Rc1 Qb6 19. Qd1 Nf5 20. Bf4 Re8 21. Bd2 dxc3 22. Nxc3 Nd4 23. Rab1 Qd8 24. Be3 Bf5 25. Bc4 Bxc3 26. Rxc3 Rb8 27. h3 Nc6 28. Rcb3 Qd7 29. Bf4 Ne5 30. Bxa6 Qxa4 31. Bxe5 Rxe5 32. Rxb7 Qxd1+ 33. Rxd1 Rxb7 34. Bxb7 Re7 35. Bf3 Rd7 36. d4 Kg8 37. d5 Rd6 38. Kf1 Kf7 39. Ke2 Ke7 40. Ra1 Bd7 41. Kd3 Rb6 42. Kc3 Kd6 43. Ra8 g5 44. Rf8 Ke7 45. Rh8 Bf5 46. Ra8 Kd6 47. Kc4 Rb2 48. Ra6+ Ke5 49. Ra5 Kd6 50. Ra6+ Ke5 51. Ra5 1/2-1/2

[Event "Prague op-A 20th"]
[Site "Prague"]
[Date "2022.01.10"]
[Round "5"]
[White "Janous, Marek"]
[Black "Unneland, Mathias"]
[Result "0-1"]
[WhiteElo "2096"]
[BlackElo "2262"]
[PlyCount "72"]
[EventDate "2022.01.07"]
[EventType "swiss"]
[EventRounds "9"]
[EventCountry "CZE"]
[SourceTitle "CBM 206 Extra"]
[Source "ChessBase"]
[SourceDate "2022.03.31"]
[SourceVersion "1"]
[SourceVersionDate "2022.03.31"]
[SourceQuality "1"]

1. e4 e5 2. Nf3 Nc6 3. d4 exd4 4. Nxd4 Nf6 5. Nxc6 bxc6 6. e5 Qe7 7. Qe2 Nd5 8. c4 Ba6 9. Nd2 0-0-0 10. Qe4 Nb6 11. b3 Re8 12. Bb2 f6 13. f4 fxe5 14. fxe5 g6 15. 0-0-0 Bg7 16. Nf3 c5 17. Bd3 Bb7 18. Qe1 Bxf3 19. gxf3 Bxe5 20. Be4 Qg5+ 21. Kb1 Bxb2 22. Kxb2 c6 23. Qa5 Kb8 24. Kb1 Re6 25. Rc1 Qe7 26. Rhd1 Rf8 27. a4 Re5 28. Rc2 g5 29. h3 h5 30. Qc3 g4 31. hxg4 hxg4 32. a5 gxf3 33. axb6 Rxe4 34. Qa5 d6 35. Rxd6 Re1+ 36. Ka2 f2 0-1

[Event "Prague op-A 20th"]
[Site "Prague"]
[Date "2022.01.08"]
[Round "3"]
[White "Janous, Marek"]
[Black "Mikes, Jan"]
[Result "0-1"]
[WhiteElo "2096"]
[BlackElo "2332"]
[PlyCount "64"]
[EventDate "2022.01.07"]
[EventType "swiss"]
[EventRounds "9"]
[EventCountry "CZE"]
[SourceTitle "CBM 206 Extra"]
[Source "ChessBase"]
[SourceDate "2022.03.31"]
[SourceVersion "1"]
[SourceVersionDate "2022.03.31"]
[SourceQuality "1"]

1. e4 c6 2. d4 d5 3. exd5 cxd5 4. c4 Nf6 5. Nc3 Nc6 6. Nf3 Be6 7. c5 a6 8. h3 g6 9. Be2 Bg7 10. 0-0 0-0 11. Bf4 h6 12. a3 g5 13. Bh2 Ne4 14. Na4 f5 15. Ne5 f4 16. Nxc6 bxc6 17. Nb6 Ra7 18. Qa4 Qe8 19. Rfe1 Bf5 20. Rad1 Qg6 21. Qb3 h5 22. Bf1 Nxf2 23. Kxf2 Bc2 24. Qc3 Bxd1 25. Rxd1 g4 26. Be2 e5 27. dxe5 Re7 28. Qd3 g3+ 29. Kg1 gxh2+ 30. Kxh2 Qg3+ 31. Qxg3 fxg3+ 32. Kg1 Bxe5 0-1

[Event "CZE-ch U16"]
[Site "Herlikovice"]
[Date "2021.10.28"]
[Round "6"]
[White "Janous, Marek"]
[Black "Svacina, Tobias"]
[Result "1/2-1/2"]
[WhiteElo "1955"]
[BlackElo "1672"]
[PlyCount "54"]
[EventDate "2021.10.23"]
[EventType "swiss"]
[EventRounds "9"]
[EventCountry "CZE"]
[SourceTitle "EXT 2023"]
[Source "ChessBase"]
[SourceDate "2022.10.05"]
[SourceVersion "1"]
[SourceVersionDate "2022.10.05"]
[SourceQuality "1"]

1. e4 e5 2. Nf3 Nc6 3. Bb5 a6 4. Ba4 Nf6 5. 0-0 Be7 6. Qe2 b5 7. Bb3 0-0 8. c3 d5 9. exd5 Nxd5 10. d3 Bb7 11. Nxe5 Nxe5 12. Qxe5 Bd6 13. Qg5 Qd7 14. h3 Rae8 15. Nd2 h6 16. Qg4 Qxg4 17. hxg4 Nf4 18. Ne4 Ne2+ 19. Kh1 Bxe4 20. dxe4 Rxe4 21. g3 Bxg3 22. Kg2 Bd6 23. Be3 Rfe8 24. Kf3 Nf4 25. Bc2 Rc4 26. Bb3 Rce4 27. Bc2 Rc4 1/2-1/2

[Event "CZE-ch U16"]
[Site "Herlikovice"]
[Date "2021.10.26"]
[Round "4"]
[White "Soucek, Petr"]
[Black "Janous, Marek"]
[Result "1/2-1/2"]
[WhiteElo "2140"]
[BlackElo "1955"]
[PlyCount "48"]
[EventDate "2021.10.23"]
[EventType "swiss"]
[EventRounds "9"]
[EventCountry "CZE"]
[SourceTitle "EXT 2023"]
[Source "ChessBase"]
[SourceDate "2022.10.05"]
[SourceVersion "1"]
[SourceVersionDate "2022.10.05"]
[SourceQuality "1"]

1. e4 c5 2. c3 Nf6 3. e5 Nd5 4. d4 cxd4 5. cxd4 e6 6. Nc3 Nxc3 7. bxc3 Qc7 8. Bd2 b6 9. f4 Ba6 10. Bxa6 Nxa6 11. Qe2 Nb8 12. Nf3 Be7 13. 0-0 0-0 14. Rac1 d6 15. c4 Rd8 16. Bb4 dxe5 17. Bxe7 Qxe7 18. fxe5 Nc6 19. Rfd1 Rac8 20. Rd2 Qa3 21. Rcd1 Na5 22. Rc2 Qa4 23. Rdc1 Nc6 24. Rd2 Qa3 1/2-1/2

[Event "CZE-ch U16"]
[Site "Herlikovice"]
[Date "2021.10.23"]
[Round "1"]
[White "Janous, Marek"]
[Black "Cuvala, Tibor"]
[Result "1-0"]
[WhiteElo "1955"]
[BlackElo "1443"]
[PlyCount "65"]
[EventDate "2021.10.23"]
[EventType "swiss"]
[EventRounds "9"]
[EventCountry "CZE"]
[SourceTitle "EXT 2023"]
[Source "ChessBase"]
[SourceDate "2022.10.05"]
[SourceVersion "1"]
[SourceVersionDate "2022.10.05"]
[SourceQuality "1"]

1. e4 d6 2. d4 Nf6 3. Nc3 Nbd7 4. Nf3 e5 5. a4 Be7 6. h3 h6 7. Bc4 c6 8. 0-0 Qc7 9. Ba2 Nf8 10. Be3 g5 11. dxe5 dxe5 12. Nxe5 Qxe5 13. Bd4 Qc7 14. e5 Be6 15. exf6 Bd6 16. Qe2 0-0-0 17. Bxa7 Bxa2 18. Rxa2 Nd7 19. a5 Rhe8 20. Qg4 Re6 21. Na4 Rde8 22. Nb6+ Nxb6 23. Bxb6 Qd7 24. Be3 Rxf6 25. a6 Qxg4 26. hxg4 bxa6 27. Rxa6 Bb8 28. Rfa1 Re4 29. Rb6 Kc7 30. Rb3 Rd6 31. g3 Rde6 32. Ra8 Re8 33. Bd2 1-0

[Event "Plzen op"]
[Site "Plzen"]
[Date "2021.08.28"]
[Round "8"]
[White "Janous, Marek"]
[Black "Mametev, Artem"]
[Result "0-1"]
[WhiteElo "1951"]
[BlackElo "1734"]
[PlyCount "78"]
[EventDate "2021.08.23"]
[EventType "swiss"]
[EventRounds "9"]
[EventCountry "CZE"]
[SourceTitle "CBM 204 Extra"]
[Source "ChessBase"]
[SourceDate "2021.11.30"]
[SourceVersion "1"]
[SourceVersionDate "2021.11.30"]
[SourceQuality "1"]

1. e4 c5 2. Nf3 d6 3. Bb5+ Bd7 4. c4 Nc6 5. Nc3 Nf6 6. 0-0 g6 7. d4 cxd4 8. Nxd4 Bg7 9. f3 0-0 10. Be3 Rc8 11. Rc1 Ne5 12. b3 h5 13. Qd2 a6 14. Bxd7 Qxd7 15. Nd5 Nxd5 16. exd5 b5 17. cxb5 axb5 18. h3 Qb7 19. f4 Nd7 20. Nc6 Nf6 21. f5 e6 22. fxe6 fxe6 23. Qc2 Nxd5 24. Rxf8+ Kxf8 25. Bg5 Kg8 26. Qxg6 Qd7 27. Bf6 Rxc6 28. Rxc6 Nxf6 29. Rc2 d5 30. Qg3 Qa7+ 31. Kh1 Qd4 32. Qg6 Qa1+ 33. Kh2 Qe5+ 34. g3 Qb8 35. h4 Qe8 36. Qg5 Kh7 37. a4 bxa4 38. Rc7 Qf8 39. bxa4 Ng4+ 0-1

[Event "EU Union-ch U14"]
[Site "Kouty nad Desnou"]
[Date "2021.08.15"]
[Round "2.4"]
[White "Janous, Marek"]
[Black "Mueller, Maximilian3333"]
[Result "1-0"]
[WhiteElo "1965"]
[BlackElo "1651"]
[PlyCount "87"]
[EventDate "2021.08.14"]
[EventType "swiss"]
[EventRounds "9"]
[EventCountry "CZE"]
[SourceTitle "EXT 2022"]
[Source "ChessBase"]
[SourceDate "2021.10.06"]
[SourceVersion "1"]
[SourceVersionDate "2021.10.06"]
[SourceQuality "1"]

1. e4 e6 2. d4 d5 3. Nc3 Bb4 4. e5 c5 5. a3 Bxc3+ 6. bxc3 Qa5 7. Bd2 Qa4 8. Be3 Qa5 9. Qd2 b6 10. Be2 Ba6 11. f4 Ne7 12. Bxa6 Nxa6 13. Ne2 h5 14. a4 Nf5 15. Nc1 c4 16. Ra2 Nc7 17. 0-0 Qa6 18. Ne2 Qb7 19. Ng3 g6 20. Nxf5 gxf5 21. Bf2 0-0-0 22. Bh4 Rdg8 23. Bg5 Rg6 24. Raa1 Ne8 25. Qe1 Qd7 26. Qh4 Qb7 27. Rfb1 Qd7 28. h3 Ng7 29. Rb4 Kc7 30. Rab1 Rb8 31. Kf2 Qe8 32. Be7 Kc6 33. a5 b5 34. Bd6 Rb7 35. a6 Rb6 36. R1b2 Rxa6 37. Rxb5 Rb6 38. Rc5+ Kb7 39. Rc7+ Ka8 40. Rxa7+ Kxa7 41. Bc5 Qd7 42. Rxb6 Ka8 43. Rd6 Qc7 44. Ra6+ 1-0

[Event "CZE-ch"]
[Site "Plzen"]
[Date "2020.08.29"]
[Round "7"]
[White "Janous, Marek"]
[Black "Kopriva, Martin"]
[Result "1/2-1/2"]
[WhiteElo "1968"]
[BlackElo "2079"]
[PlyCount "82"]
[EventDate "2020.08.23"]
[EventType "swiss"]
[EventRounds "9"]
[EventCountry "CZE"]
[SourceTitle "CBM 198 Extra"]
[Source "ChessBase"]
[SourceDate "2020.11.30"]
[SourceVersion "1"]
[SourceVersionDate "2020.11.30"]
[SourceQuality "1"]

1. e4 g6 2. d4 Bg7 3. Nc3 d6 4. Nf3 a6 5. a4 Nf6 6. h3 0-0 7. Be2 b6 8. 0-0 Bb7 9. Bd3 Nbd7 10. Re1 e5 11. dxe5 dxe5 12. Bg5 h6 13. Bxf6 Bxf6 14. Bc4 Nc5 15. Qe2 c6 16. Qe3 Kg7 17. a5 Nd7 18. axb6 Qxb6 19. Na4 Qc7 20. Nc5 Nxc5 21. Qxc5 a5 22. Ra4 Ba6 23. Bxa6 Rxa6 24. Rea1 Rfa8 25. Qc3 Qb7 26. Nd2 Bd8 27. Nc4 f6 28. b3 Bb6 29. Nxb6 Qxb6 30. Rd1 Rd8 31. Rd3 h5 32. Rxd8 Qxd8 33. Qc5 Qd1+ 34. Kh2 g5 35. Qe7+ Kg6 36. Qe8+ Kg7 37. Qe7+ Kg6 38. Rc4 Qd2 39. Qe8+ Kg7 40. Qe7+ Kg6 41. Qe8+ Kg7 1/2-1/2